000
00424nam a2200145Ia 4500
008
100122s9999 xx 000 0 und d
082
_b
26306
_a
823
100
_a
अत्रे प्रभाकर
245
_a
कवच-कुंडलं
260
_b
संजय प्रकाशन
_c
1978
300
_a
196
630
_a
कवच-कुंडलं
730
_a
कवच-कुंडलं
942
_c
BOOK
999
_c
412809
_d
412806